| 000 | 00767cam a22002651 4500 | ||
|---|---|---|---|
| 999 |
_c5363 _d5363 |
||
| 001 | 5363 | ||
| 003 | BD-JhCC | ||
| 005 | 20171213164747.0 | ||
| 008 | 770806s1955 xx a 001 0 eng | ||
| 035 | _a(BD-JhCC) 5363 | ||
| 035 | _a(OCoLC)3165284 | ||
| 040 |
_aDLC _cOC _dDLC |
||
| 041 | _aeng | ||
| 050 | 0 | 0 |
_aQA106 _b.N38 1955 |
| 082 |
_a510 _bNEL 1955 |
||
| 100 | 1 | _aNelson, Gilbert D. | |
| 245 | 1 | 0 |
_aMaking mathematics work _c[by] G. D. Nelson [and] H.E. Grime, assisted by F. N. Burroughs. |
| 260 |
_aBoston, _bHoughton Mifflin _c[1955] |
||
| 300 |
_a630 p. _billus. _c25 cm. |
||
| 490 | 0 | _aRiverside mathematics series | |
| 650 | 0 | _aArithmetic. | |
| 700 | 1 |
_aGrime, H. E. _q(Herschel Edward), _d1895- |
|
| 942 |
_2ddc _cBK |
||